| 000 | 00449nam a22001817a 4500 | ||
|---|---|---|---|
| 003 | MPLRDC | ||
| 005 | 20220104142906.0 | ||
| 008 | 210129b ||||| |||| 00| 0 eng d | ||
| 020 | _a7-80054-042-1 | ||
| 082 | _a177.1 NWBG | ||
| 100 | _a杰勒德. I. 尼文贝尼格著; 陈超等译 | ||
| 245 |
_a交涉必胜术 _c |
||
| 250 | _a一版一刷 | ||
| 260 |
_a _b海潮出版社 _c1989 |
||
| 300 | _b平 | ||
| 650 | _a | ||
| 942 |
_cBK _o177.1 NWBG |
||
| 999 |
_c34618 _d34608 |
||